| 000 | 00374nam a2200109Ia 4500 | ||
|---|---|---|---|
| 008 | 200922s9999 xx 000 0 und d | ||
| 100 | _aFadul, Jose A. | ||
| 245 |
_cJose A. Fadul _aRubrics for portfolio assessment in the Rizal course/ |
||
| 260 |
_aManila: _bDLSU Press, Inc. _c2005 |
||
| 300 |
_avii, 127 pages _c21 cm. |
||
| 650 | _aRizal, Jose. 1861-1896 -- study and teaching | ||
| 999 |
_c364429 _d364429 |
||